Norway : Background Paper.

This Background Paper examines the medium-term economic outlook (1997-99) for Norway. The central feature of Norges Bank's reference case projection for the medium term is that the expansion of mainland output will slow from 3.3 percent in 1995 and 2.8 percent in 1996 to an annual average of 2...

ver descrição completa

Detalhes bibliográficos
Autor Corporativo: International Monetary Fund
Formato: Periódico
Idioma:English
Publicado em: Washington, D.C. : International Monetary Fund, 1996.
coleção:IMF Staff Country Reports; Country Report ; No. 1996/015
Acesso em linha:Full text available on IMF
LEADER 01541cas a2200241 a 4500
001 AALejournalIMF001095
008 230101c9999 xx r poo 0 0eng d
020 |c 5.00 USD 
020 |z 9781451829624 
022 |a 1934-7685 
040 |a BD-DhAAL  |c BD-DhAAL 
110 2 |a International Monetary Fund. 
245 1 0 |a Norway :   |b Background Paper. 
264 1 |a Washington, D.C. :  |b International Monetary Fund,  |c 1996. 
300 |a 1 online resource (110 pages) 
490 1 |a IMF Staff Country Reports 
500 |a <strong>Off-Campus Access:</strong> No User ID or Password Required 
500 |a <strong>On-Campus Access:</strong> No User ID or Password Required 
506 |a Electronic access restricted to authorized BRAC University faculty, staff and students 
520 3 |a This Background Paper examines the medium-term economic outlook (1997-99) for Norway. The central feature of Norges Bank's reference case projection for the medium term is that the expansion of mainland output will slow from 3.3 percent in 1995 and 2.8 percent in 1996 to an annual average of 2 percent in 1997-99. Overall GDP growth will also slow from about 4 percent in each of 1995 and 1996 to 2 percent in 1997-99. Inflation is forecast to remain low, at 2 percent in 1996 and on average 2.3 percent per year in 1997-99. 
538 |a Mode of access: Internet 
830 0 |a IMF Staff Country Reports; Country Report ;  |v No. 1996/015 
856 4 0 |z Full text available on IMF  |u http://elibrary.imf.org/view/journals/002/1996/015/002.1996.issue-015-en.xml  |z IMF e-Library